| 000 | 005740000a22001810004500 | ||
|---|---|---|---|
| 090 |
_aAR _b02258 |
||
| 245 | 1 | 0 | _aFlujo de energía a travez de los hogares Tatuyo: análisis preliminar |
| 650 | 1 | 4 |
_aAntropología _994371 |
| 650 | 1 | 4 |
_aIndígenas _993177 |
| 650 | 1 | 4 |
_aTukano _953771 |
| 650 | 1 | 4 |
_aAspectos socioculturales _92478 |
| 650 | 1 | 4 |
_aEcología _992250 |
| 651 | 4 |
_lAldea Yapú _dVaupés _pColombia _992749 |
|
| 041 | 0 | _aEspañol | |
| 100 | 1 |
_aDufour, Darna L. _995772 |
|
| 942 | _cARTICULO | ||
| 773 | 1 |
_tRevista Colombiana de Antropología _3373 _q237-262 _d1984-1985 _g25 |
|
| 999 |
_c11330 _d11330 |
||